| 000 | 01468nam a2200313Ia 4500 | ||
|---|---|---|---|
| 001 | ebr10055542 | ||
| 003 | CaPaEBR | ||
| 006 | m u | ||
| 007 | cr cn||||||||| | ||
| 008 | 980324s1998 dcuab sb 000 0 eng d | ||
| 010 | _z 98134880 | ||
| 020 | _z0309059488 | ||
| 040 |
_aCaPaEBR _cCaPaEBR |
||
| 035 | _a(OCoLC)42329155 | ||
| 050 | 1 | 4 |
_aRA557 _b.P33 1998eb |
| 082 | 0 | 4 |
_a362.1/0996 _221 |
| 245 | 0 | 0 |
_aPacific partnerships for health _h[electronic resource] : _bcharting a course for the 21st century / _cCommittee on Health Care Services in the U.S.-Associated Pacific Basin, Division of Health Care Services and Board on International Health, Institute of Medicine ; Jill C. Feasley and Robert S. Lawrence, editors. |
| 260 |
_aWashington, D.C. : _bNational Academy Press, _c1998. |
||
| 300 |
_axvi, 154 p. : _bill., maps. |
||
| 504 | _aIncludes bibliographical references. | ||
| 533 |
_aElectronic reproduction. _bPalo Alto, Calif. : _cebrary, _d2005. _nAvailable via World Wide Web. _nAccess may be limited to ebrary affiliated libraries. |
||
| 650 | 0 |
_aPublic health _zIslands of the Pacific. |
|
| 650 | 0 |
_aCommunity health services _zIslands of the Pacific. |
|
| 655 | 7 |
_aElectronic books. _2local |
|
| 700 | 1 |
_aFeasley, Jill C., _d1965- |
|
| 700 | 1 |
_aLawrence, Robert S., _d1938- |
|
| 710 | 2 | _aebrary, Inc. | |
| 856 | 4 | 0 |
_uhttp://site.ebrary.com/lib/rucke/Doc?id=10055542 _zAn electronic book accessible through the World Wide Web; click to view |
| 999 |
_c64265 _d64265 |
||